Matematika předškoláka pracovní sešit Sešit 6/9

Bibliographic Details
Main Author: Nováková, Mária (Author, Bookjacket designer, Illustrator)
Format: Book
Language:Czech
PhysicalDescription:28 strán ilustrácie 30 cm
Published: [Košice] NOMIland s.r.o. 2023
ISBN:9788082050885
Subjects:

MARC

LEADER 00000nam a2200000 4500
001 vtls012244807
003 SK-MaSNL
005 20260301085143.0
008 231127s2023 xo a a p 000 0 cze
015 |a SNBA2024/01 
020 |a 9788082050885  |q (brožované) 
040 |a SNK  |b slo  |c SNK  |e rda 
041 0 |a cze 
044 |a xo  |c SK 
072 7 |a 373.2/.3  |x Predškolská a primárna výchova a vzdelávanie  |2 konspekt 
072 7 |a 0/9-053.2  |x Literatúra pre deti a mládež (náučná)  |2 konspekt 
080 |a 373.2  |2 2011 
080 |a 159.954.4:51-021.67  |2 2011 
080 |a 37.016:511-028.31  |2 2011 
080 |a (076.1)  |2 2011 
080 |a (084.053.2)  |2 2011 
080 |a (0.053.2)  |2 2011 
100 1 |a Nováková, Mária  |4 aut  |4 bjd  |4 ill  |9 272673 
245 1 0 |a Matematika předškoláka  |b pracovní sešit  |n Sešit 6/9  |c autorka: Mária Nováková 
264 1 |a [Košice]  |b NOMIland s.r.o.  |c 2023 
300 |a 28 strán  |b ilustrácie  |c 30 cm 
336 |a text  |b txt  |2 rdacontent 
336 |a statický obraz  |b sti  |2 rdacontent 
337 |a bez média  |b n  |2 rdamedia 
338 |a zväzok  |b nc  |2 rdacarrier 
500 |a Miesto vydania podľa NA ISBN 
500 |a Názov z obálky 
521 8 |a Pre deti 5-6 rokov 
650 0 7 |a predškolská výchova  |2 SNKPH  |9 3959 
650 0 7 |a predmatematická predstavivosť  |2 SNKPH  |9 207332 
650 0 7 |a počítanie  |2 SNKPH  |9 4104 
650 0 7 |a Preschool education  |2 SNKPHeng  |9 267868 
650 0 7 |a Pre-mathematical imagination  |2 SNKPHeng  |9 414761 
650 0 7 |a Counting  |2 SNKPHeng  |9 302467 
655 7 |a pracovné zošity  |2 SNKPH  |9 70188 
655 7 |a maľovanky  |2 SNKPH  |9 70662 
655 7 |a publikácie pre deti  |2 SNKPH  |9 70148 
655 7 |a Activity books  |2 SNKPHeng  |9 302885 
655 7 |a Colouring books  |2 SNKPHeng  |9 302494 
655 7 |a Publications for children  |2 SNKPHeng  |9 276792 
852 |a Slovenská národná knižnica 
919 |a 978-80-8205-088-5 
954 |a odborná, vedecká literatúra pôvodná (slovenská)  |2 lita 
954 |a ilustrované knihy, leporelá, komiksy pôvodné (slovenské)  |2 lita 
999 |c 665147  |d 667077 
952 |a SNK  |b SNK  |y PREZ  |7 0  |p 17A1539225  |o snkOSB 21161  |i snk2023/17238  |8 0  |0 0  |1 0  |4 0  |d 2023-11-27  |l 0  |r 2026-02-23 19:06:57  |w 2026-02-23